000 00431nam a2200181Ia 4500
001 13876
005 20260306164833.0
008 260306t2001||||xx |||||||||||||| ||spa||
041 _aESP
082 _a005.43
_bS47
100 _aShah, Steve
_eAUT
245 0 _aManual de administración de Linux
260 _c2001
300 _axviii, 546 páginas :
_c24 cm.
650 _aGEN
654 _aCCC
942 _cLIB
_dJUS
_fJUS
_2ddc
_n
999 _c13876
_d13876